[Event "Taastrup Winter op 3rd"]
[Site "Taastrup"]
[Date "2018.01.11"]
[Round "6"]
[White "Hansen, Jacob Brendstrup"]
[Black "Jensen, Benjamin"]
[Result "1-0"]
[WhiteElo "1225"]
[BlackElo "1467"]
[PlyCount "51"]
[EventDate "2017.11.09"]
[EventType "swiss"]
[EventRounds "9"]
[EventCountry "DEN"]
[SourceTitle "EXT 2021"]
[Source "ChessBase"]
[SourceDate "2020.10.23"]
[SourceVersion "1"]
[SourceVersionDate "2020.10.23"]
[SourceQuality "1"]

1. d4 b6 2. Nf3 Bb7 3. e3 e6 4. b3 Nf6 5. Nbd2 Be7 6. Bd3 0-0 7. Bb2 Na6 8. a3 c5 9. 0-0 d5 10. Qe2 Qc8 11. Rac1 Ne4 12. c4 Nc7 13. Qd1 a6 14. Qc2 f5 15. Ne5 b5 16. cxb5 cxd4 17. Qxc7 Bd6 18. Qxc8 Raxc8 19. Bxe4 fxe4 20. Rxc8 Bxc8 21. exd4 axb5 22. Rc1 Ba6 23. Rc6 Bxe5 24. dxe5 Bc8 25. Rb6 Bd7 26. Bd4 1-0

[Event "Taastrup Winter 2nd Nederste"]
[Site "Taastrup"]
[Date "2017.02.09"]
[Round "7"]
[White "Madsen, Ole Bang"]
[Black "Jensen, Benjamin"]
[Result "0-1"]
[WhiteElo "1459"]
[BlackElo "1144"]
[PlyCount "85"]
[EventDate "2016.11.11"]
[EventType "swiss"]
[EventRounds "9"]
[EventCountry "DEN"]
[SourceTitle "EXT 2024"]
[Source "ChessBase"]
[SourceDate "2023.10.10"]
[SourceVersion "1"]
[SourceVersionDate "2023.10.10"]
[SourceQuality "1"]

1. e4 e5 2. Nf3 Nc6 3. c3 d5 4. exd5 Qxd5 5. d3 Bg4 6. Be2 Bc5 7. 0-0 Nf6 8. h3 Bh5 9. Bg5 Qd6 10. Nbd2 0-0 11. Bxf6 Qxf6 12. Ne4 Qe7 13. Nxe5 Bxe2 14. Nxc6 Qxe4 15. dxe4 Bxd1 16. Raxd1 bxc6 17. b4 Bb6 18. c4 c5 19. b5 a6 20. a4 Rad8 21. Rd5 Rxd5 22. exd5 axb5 23. axb5 Re8 24. f3 g6 25. h4 Kg7 26. Kh2 Kf6 27. Kh3 Re3 28. Rc1 Ke5 29. Kg4 Kd4 30. Kg5 Kd3 31. Kf6 Re2 32. g4 Rf2 33. Kxf7 Rxf3+ 34. Kg7 Rf4 35. Rg1 Kxc4 36. Kxh7 Rf6 37. Kg7 Rd6 38. g5 Kxb5 39. Rf1 c4 40. Rf6 Bd4 41. Kxg6 Bxf6 42. gxf6 c3 43. h5 0-1

[Event "Taastrup Winter 2nd Nederste"]
[Site "Taastrup"]
[Date "2016.12.11"]
[Round "3"]
[White "Jensen, Benjamin"]
[Black "Falkenberg, Rasmus"]
[Result "1-0"]
[WhiteElo "1144"]
[BlackElo "1297"]
[PlyCount "125"]
[EventDate "2016.11.11"]
[EventType "swiss"]
[EventRounds "9"]
[EventCountry "DEN"]
[SourceTitle "EXT 2024"]
[Source "ChessBase"]
[SourceDate "2023.10.10"]
[SourceVersion "1"]
[SourceVersionDate "2023.10.10"]
[SourceQuality "1"]

1. e4 e5 2. Nf3 Nc6 3. c3 g6 4. Bb5 Bg7 5. d4 exd4 6. Bxc6 dxc6 7. cxd4 Bg4 8. d5 cxd5 9. Qa4+ Bd7 10. Qd1 dxe4 11. Ng5 Nf6 12. Qb3 0-0 13. Qxb7 Nh5 14. 0-0 Bh6 15. Nxe4 Bxc1 16. Rxc1 Qb8 17. Nc5 Qd8 18. Nxd7 Qxd7 19. Na3 Rfb8 20. Qxc7 Qxc7 21. Rxc7 Rxb2 22. Nc4 Rbb8 23. Nd6 Rf8 24. Ne4 Rfc8 25. Rac1 Rxc7 26. Rxc7 Nf4 27. Nd6 Nd5 28. Rxf7 Nc3 29. Rc7 Rb8 30. h3 Nxa2 31. Rxa7 Nc3 32. Rc7 Nd5 33. Ra7 Rf8 34. f3 Nb6 35. Ne4 Ra8 36. Nf6+ Kf8 37. Nxh7+ Kg8 38. Nf6+ Kf8 39. Nd7+ Ke8 40. Rxa8+ Nxa8 41. Ne5 g5 42. g4 Nc7 43. Kg2 Ke7 44. Kg3 Ne6 45. h4 Kf6 46. Nd3 gxh4+ 47. Kxh4 Kg6 48. f4 Kg7 49. Kh5 Kh7 50. f5 Ng7+ 51. Kg5 Kg8 52. Kg6 Ne8 53. Nc5 Nd6 54. Ne6 Kh8 55. f6 Kg8 56. g5 Nf7 57. Kh5 Nd6 58. g6 Kh8 59. f7 Nxf7 60. gxf7 Kh7 61. Kg5 Kh8 62. f8Q+ Kh7 63. Qg7# 1-0